| 000 | 00393nam a22001697a 4500 | ||
|---|---|---|---|
| 005 | 20160611112046.0 | ||
| 008 | 160611b xxu||||| |||| 00| 0 eng d | ||
| 020 | _a9788120321182 | ||
| 041 | _aeng | ||
| 082 | _b6820 | ||
| 100 |
_aHanke, John E. & Others _91692 |
||
| 245 | _aBusiness Forecasting | ||
| 260 |
_aNew Delhi _bPHI, |
||
| 300 | _a454 | ||
| 650 |
_aManagement _9241 |
||
| 942 | _cBK | ||
| 999 |
_c2386 _d2385 |
||